Personal data protection rights (Record no. 300417)

MARC details
000 -LEADER
fixed length control field 00390nam a22001457a 4500
005 - DATE AND TIME OF LATEST TRANSACTION
control field 20250708141019.0
008 - FIXED-LENGTH DATA ELEMENTS--GENERAL INFORMATION
fixed length control field 250708b |||||||| |||| 00| 0 eng d
020 ## - INTERNATIONAL STANDARD BOOK NUMBER
International Standard Book Number 9788197759062
082 ## - DEWEY DECIMAL CLASSIFICATION NUMBER
Classification number 343.448
100 ## - MAIN ENTRY--PERSONAL NAME
Personal name Srivastava, Ashit Kumar. Pratap Singh, Yogesh.
245 ## - TITLE STATEMENT
Title Personal data protection rights
260 ## - PUBLICATION, DISTRIBUTION, ETC. (IMPRINT)
Place of publication, distribution, etc. Haryana
Name of publisher, distributor, etc. Lexis Nexis
Date of publication, distribution, etc. 2025
300 ## - PHYSICAL DESCRIPTION
Extent xx, 332
942 ## - ADDED ENTRY ELEMENTS (KOHA)
Koha item type Law Books
Holdings
Date last seen Total Checkouts Full call number Accession number Date checked out Copy number Cost, replacement price Price effective from Category Lost status Source of classification or shelving scheme Damaged status Department Withdrawn status bill no. bill date Permanent Location Current Location Shelving location Entry date Vendor Cost, normal purchase price Grants Currency symbol Conversion rate Discount Discount type
05/06/2026 2 343.448 SRI;1 R LL4078 26/05/2026 1 475.00 08/07/2025 Law Books   Dewey Decimal Classification   LAW   272 01/04/2025 Law Library Law Library Law Library 20/06/2025 MPP House 625.00 Law RS 1 24 %

© For any Suggestions or Query, please contact the library staff @ librarian@pes.edu or Phone: +9180 2672 1983/ 2108.